Sports Quiz

Random Sports or NHL Quiz
Score 0/18 Timer 02:00
0 Plays Today
season, position capital % Correct
2005-06, W, 106 ptsAlex Ovechkin
99.4%
2007-08, W, 112 ptsAlex Ovechkin
99.4%
2008-09, W, 110 ptsAlex Ovechkin
99.4%
2009-10, W, 109 ptsAlex Ovechkin
99.4%
2010-11, W, 85 ptsAlex Ovechkin
99.4%
2012-13, W, 56 ptsAlex Ovechkin
99.4%
2013-14, W, 79 ptsAlex Ovechkin
99.4%
2014-15, W, 81 ptsAlex Ovechkin
99.4%
2008-09, C, 88 ptsNicklas Backstrom
95%
season, position capital % Correct
2009-10, C, 101 ptsNicklas Backstrom
95%
2013-14, C, 79 ptsNicklas Backstrom
95%
2014-15, C, 78 ptsNicklas Backstrom
95%
2016-17, C, 86 ptsNicklas Backstrom
95%
2015-16, C, 77 ptsEvgeny Kuznetsov
77.3%
1984-85, W, 102 ptsMike Gartner
66.3%
2001-02, W, 79 ptsJaromir Jagr
60.4%
1981-82, C, 136 ptsDennis Maruk
56.1%
2012-13, C, 49 ptsMike Ribeiro
27.8%
Remove Ads.
Support Sporcle.
Get the best of Sporcle when you Go Orange. This ad-free experience offers more features, more stats, and more fun while also helping to support Sporcle. Thank you for becoming a member.

You're not logged in!

Compare scores with friends on all Sporcle quizzes.
OR
Log In

Show Comments

Extras

Top Quizzes Today


Score Distribution

Your Account Isn't Verified!

In order to create a playlist on Sporcle, you need to verify the email address you used during registration. Go to your Sporcle Settings to finish the process.

Report this User

Report this user for behavior that violates our Community Guidelines.

Details: